00429 2200157 4500001002100000005001500021020002200036035002000058082000800078084001400086100001900100245006900119260004400188300002700232990001200259INLIS00000000000256220250605105519 a978-623-7478-28-7 a0010-0625000148 a000 a000 YUG k0 aYugha Erlangga1 aKarierku Di Masa Depan Bekerja Sebagai Penulis /cYugha Erlangga aJakarta :bEsensi Erlangga Group,c2022 a89 hlm ;c15,5 x 23 cm a0754878